Представление документа в формате RUSMARC

ПолеНазваниеЗначение
  Тип записи c
  Библиографический уровень m
001 Контрольный номер UONB/MAIN/95d2fbcec48042a6a9f7d2661c89ae61
005 Дата корректировки 20251205110437.0
010 Индекс ISBN __
d Цена 45 к.
9 Тираж 15000 экз.
071 Издательские номер (звукозапись и ноты) 21
a Номер, присвоенный агентством 12602
100 Данные общей обработки __
a Данные общей обработки 20220512b1983 m##y0rusy0189 ca
101 Язык документа 0_
a Язык текста rus
f Язык титульного листа rus
102 Страна публикации __
a Страна публикации RU
125 Кодированные данные звукозаписи и нотных изданий __
a Форма изложения нотного текста a
128 Кодированные данные (звукозаписи-физические характеристики) __
a Кодированные данные: Музыкальная форма и тональность или лад ai
c Инструменты или голоса, рекомендуемые для солистов (устаревшее) vu
200 Заглавие и сведения об ответственности 1_
a Заглавие Вып. 95
g Последующие сведения об ответственности перелож. для вокально-инструм. ансамбля С. Маги
f Первые сведения об ответственности сост. А. Терехин
208 Область специфических сведений: ноты __
a Форма изложения нотного текста Партитура
210 Выходные данные 1_
d Дата издания 1983
215 Физическое описание __
d Формат 29 см
a Объем 34 с.
327 Примечание о содержании 11
a Примечание о содержании Содерж. : Хвойницкий В. В родном краю / сл. Б. Блинкова и О. Журова. - Баск М. Признание Земле / сл. Э. Вериго. - Ботяров Е. Стройка века / сл. Б. Дубровина. - Подэльский Г. Несколько первых слов / сл. М. Лаписовой. - Дубравин Я. Перестук сердец / сл. В. Гина. - Березин С. Молва / сл. Н. Шумакова. - Плешак В. Так бывает только раз / сл. Ю. Погорельского.
461 Уровень набора _0
1 2001
a Поем и танцуем
b Ноты
v Вып. 95
1 2101
a М.
c Музыка
d 1965 -
1 001UONB/MAIN/4fde9fb1b77a4474bcd01598adf6aca3
464 Аналитический уровень _0
1 700 1
a Хвойницкий
b В.
1 2001
a В родном краю
e В родном краю так много красок...
1 702 1
a Блинков
b Б.
4 520
1 702 1
a Журов
b О.
4 520
464 Аналитический уровень _0
1 700 1
b Баск
a М.
1 2001
a Признание Земле
e Утро надо мной...
1 702 1
a Вериго
b Э.
4 520
464 Аналитический уровень _0
1 700 1
a Ботяров
b Е.
1 2001
a Стройка века
e Своей гордимся стрвною...
1 702 1
a Дубровин
b Б.
4 520
464 Аналитический уровень _0
1 700 1
a Подэльский
b Г.
1 2001
a Несколько первых слов
e Двадцать лет...
1 702 1
a Лаписова
b М.
4 520
464 Аналитический уровень _0
1 700 1
a Дубравин
b Б.
1 2001
a Перестук сердец
e Вьюги улетели...
1 702 1
a Гин
b В.
4 520
464 Аналитический уровень _0
1 700 1
a Березин
b С.
1 2001
a Молва
e В нашем старом саду...
1 702 1
a Татаринов
b В.
4 520
464 Аналитический уровень _0
1 700 1
a Плешак
b В.
1 2001
a Так бывает только раз
e Если встретили друг друга мы...
1 702 1
a Погорельский
b Ю.
4 520
512 Заглавие обложки 1_
a Заглавие обложки Поем и танцуем
606 Тематические рубрики 0_
a Основная рубрика Вокально-инструментальные ансамбли
x Основная подрубрика Песни советских композиторов
x Основная подрубрика Лирические песни
x Основная подрубрика Эстрадные песни советских композиторов
610 Ключевые слова 0_
a Ключевые слова эстрадные песни; танцевальная музыка; лирические песни; песни советских композиторов; вокально-инструментальные ансамбли
686 Индексы других классификаций __
2 Код системы rubbk
a Классификационный индекс 85.942.8-094(2)я43П
702 Вторичная интеллектуальная ответственность _1
a Фамилия Мага
b Имя (инициалы) С.
4 Код отношения 030
702 Вторичная интеллектуальная ответственность _1
a Фамилия Терехин
b Имя (инициалы) А.
4 Код отношения 220
801 Источник записи _0
a Страна RU
b Организация Ульяновская ОНБ
c Дата составления 20220512
g Правила каталогизации RCR
801 Источник записи _1
a Страна RU
b Организация Ульяновская ОНБ
c Дата составления 20220512
g Правила каталогизации RCR
901 Тип документа __
t Тип документа n
w Контрольный № источника UONB/MAIN/4fde9fb1b77a4474bcd01598adf6aca3
909 Создатель записи __
a Создатель записи Никитина Т. А.